QUEST Central Library Banner

Workshop Practice in Electrical Engineering (Record no. 13952)

MARC details
000 -LEADER
fixed length control field 00273nam a22001097a 4500
082 ## - DEWEY DECIMAL CLASSIFICATION NUMBER
Classification number 621.31GUP
100 ## - MAIN ENTRY--AUTHOR NAME
Personal name Gupta M L
245 ## - TITLE STATEMENT
Title Workshop Practice in Electrical Engineering
260 ## - PUBLICATION, DISTRIBUTION, ETC. (IMPRINT)
Place of publication New Delhi
Name of publisher Matropolitan Books Co Ltd.
Year of publication 1984
300 ## - PHYSICAL DESCRIPTION
Number of Pages XVI,373P
942 ## - ADDED ENTRY ELEMENTS (KOHA)
Koha item type Books
Holdings
Withdrawn status Lost status Home library Current library Date acquired Cost, normal purchase price Full call number Accession Number Koha item type Collection code
    Reference Section Reference Section 01/01/2014 35.00 621.31GUP (Shelf -47E) 11470 Books Reference
    Central Library, QUEST, Nawabshah Stacks area 01/01/2014 35.00 621.9GUP 11469 Books  

Copyright © 2018,The QUEST, Nawabshah, Shaheed Benazirabad. All rights reserved
Mr. G. Farooq Channar (Librarian) QUEST, Nawabshah, Sindh, Pakistan 67480.
 Ph#: |   0244-9370381-4 Ext. 2308   Email| lib@quest.edu.pk   Web|  http://www.quest.edu.pk